000 00366nam a22001337a 4500
020 _a90-04-07819-3
082 _a297.03 ENC'B
100 _aBOSWORTH, C.E
_978281
245 _aTHE ENCYCLOPEDIA OF ISLAM,PREPARED BY A NUMBER OF LEADING ORIENTALISTS VOLUME - V KHE-MAHI
250 _aNEW
260 _aNETHERLANDS
_bE.J.BRILL
_c1986
300 _a1263P
942 _cBK
999 _c583429
_d583429